100 Books You Can't Do Without - Statistics

General Stats
  • This quiz has been taken 64,545 times
  • The average score is 28 of 81
Answer Stats
Book(s) Author % Correct
Harry Potter series J.K. Rowling
93%
The Lord of the Rings; The Hobbit J.R.R. Tolkien
91%
Great Expectations; Bleak House; David Copperfield; A Tale of Two Cities; Oliver Twist; A Christmas Carol Charles Dickens
89%
Pride and Prejudice; Emma; Persuasion; Sense and Sensibility Jane Austen
89%
Nineteen Eighty-Four; Animal Farm George Orwell
84%
Hamlet William Shakespeare
82%
Jane Eyre Charlotte Bronte
77%
Wuthering Heights Emily Bronte
77%
War and Peace; Anna Karenina Leo Tolstoy
74%
To Kill a Mockingbird Harper Lee
67%
Chronicles of Narnia; The Lion, The Witch and The Wardrobe C.S. Lewis
64%
Charlie and the Chocolate Factory Roald Dahl
63%
The Great Gatsby F. Scott Fitzgerald
62%
The Grapes of Wrath; Of Mice and Men John Steinbeck
61%
Les Misérables Victor Hugo
60%
The Da Vinci Code Dan Brown
58%
Catcher in the Rye J.D. Salinger
55%
Alice in Wonderland Lewis Carroll
54%
Adventures of Sherlock Holmes Arthur Conan Doyle
52%
Crime and Punishment Fyodor Dostoyevsky
52%
The Count of Monte Cristo, The Three Musketeers Alexandre Dumas
50%
Dracula Bram Stoker
50%
Ulysses James Joyce
49%
Brave New World Aldous Huxley
45%
Little Women Louisa May Alcott
44%
Winnie the Pooh A.A Milne
42%
The Bell Jar Sylvia Plath
42%
Moby Dick Herman Melville
41%
Lolita Vladimir Nabokov
40%
One Hundred Years of Solitude; Love in the Time of Cholera Gabriel Garcia Marquez
39%
The Hitchhiker's Guide to the Galaxy Douglas Adams
37%
On The Road Jack Kerouac
37%
Lord of the Flies William Golding
37%
Heart of Darkness Joseph Conrad
36%
Watership Down Richard Adams
35%
Catch-22 Joseph Heller
34%
The Handmaid's Tale Margaret Atwood
34%
Tess of the d'Urbervilles; Far From The Madding Crowd; Jude the Obscure Thomas Hardy
34%
Gone With The Wind Margaret Mitchell
32%
Cloud Atlas David Mitchell
31%
Dune Frank Herbert
29%
Middlemarch George Eliot
29%
Madame Bovary Gustave Flaubert
27%
His Dark Materials Philip Pullman
27%
Charlotte's Web E.B. White
26%
Rebecca Daphne du Maurier
25%
The Little Prince Antoine de Saint-Exupery
21%
Midnight's Children Salman Rushdie
21%
The Color Purple Alice Walker
20%
The Kite Runner Khaled Hosseini
20%
Bridget Jones's Diary Helen Fielding
19%
Vanity Fair William Makepeace Thackeray
19%
Anne of Green Gables L.M. Montgomery
18%
Brideshead Revisited Evelyn Waugh
17%
Atonement Ian McEwan
17%
The Wind in the Willows Kenneth Grahame
16%
The Secret History Donna Tartt
15%
The Faraway Tree Collection Enid Blyton
14%
Birdsong Sebastian Faulks
14%
Life of Pi Yann Martel
14%
The Secret Garden Frances Hodgson Burnett
13%
The Woman in White Wilkie Collins
13%
Notes From A Small Island Bill Bryson
12%
Germinal Emile Zola
12%
The Five People You Meet In Heaven Mitch Albom
12%
The Lovely Bones Alice Sebold
11%
The Remains of the Day Kazuo Ishiguro
11%
The Curious Incident of the Dog in the Night-time Mark Haddon
11%
A Prayer for Owen Meaney John Irving
10%
A Suitable Boy Vikram Seth
9%
Memoirs of a Geisha Arthur Golden
8%
Swallows and Amazons Arthur Ransome
8%
The Time Traveler's Wife Audrey Niffenegger
8%
The Wasp Factory Iain Banks
8%
A Confederacy of Dunces John Kennedy Toole
8%
A Town Like Alice Nevil Shute
8%
Possession A.S. Byatt
7%
Cold Comfort Farm Stella Gibbons
7%
The Shadow of the Wind Carlos Ruiz Zafon
6%
Captain Corelli's Mandolin Louis de Bernieres
6%
A Fine Balance Rohinton Mistry
5%
No matching quizzes found
Score Distribution
Percent of People with Each Score
Percentile by Number Answered
Your Score History
You have not taken this quiz